Tratado de derecho penal. Tomo V. Vol. I /

Delitos contra la familia

Guardado en:
Autor Principal: Nuñez, Ricardo C.
Formato: Libro
Idioma:Spanish
Publicado: Buenos Aires : Córdoba, 1987
Edición:2a. ed. 2a. reimp.
Materias:
Etiquetas: Agregar Etiqueta
Sin Etiquetas, Sea el primero en etiquetar este registro!
LEADER 00812nam a22002175a 4500
001 DER.der000259
008 180615s1987####|||||||||||||||||#||spa||
005 20251125151000.0
245 1 0 |a Tratado de derecho penal.  |n Tomo V. Vol. I /  |c Ricardo C. Nunez. 
250 |a 2a. ed. 2a. reimp. 
260 |a Buenos Aires :  |b Córdoba,  |c 1987 
300 |a 383 p. 
520 |a Delitos contra la familia 
520 |a Delitos contra la seguridad común 
520 |a Delitos contra la tranquilidad pública 
520 |a Delitos contra la seguridad de la Nación 
520 |a Delitos contra los poderes públicos y el órden constitucional 
520 |a Delitos contra la seguridad interna de la Nación 
100 1 |a Nuñez, Ricardo C. 
650 7 |a DERECHO PENAL 
859 |a DERECHO  |b BIB. DERECHO  |h 345  |i NUN  |p 001054  |v I  |3 Tomo V. Vol. I